000
00316nam a2200133Ia 4500
005
20260328104322.0
008
260328s9999||||xx |||||||||||||| ||und||
100
_a
Foster, Norman
245
0
_a
Norman Foster /
_c
Norman Foster
260
_b
Gustavo Gili
300
_a
263 p.
650
_a
ARQUITECTURA
942
_c
BK
999
_c
11372
_d
11372